Νυχτερίδες : διηγήματα
Αποθηκεύτηκε σε:
| Κύριος συγγραφέας: | |
|---|---|
| Μορφή: | Βιβλίο |
| Γλώσσα: | Greek |
| Δημοσίευση: |
Αθήνα :
Τεγόπουλος,
c2011
|
| Σειρά: | Σύγχρονοι έλληνες λογοτέχνες
|
| Θέματα: | |
| Ετικέτες: |
Προσθήκη ετικέτας
Δεν υπάρχουν, Καταχωρήστε ετικέτα πρώτοι!
|
MARC
| LEADER | 00000cam a2200000 i 4500 | ||
|---|---|---|---|
| 001 | 1/57309 | ||
| 008 | 141001s2011 gre d | ||
| 020 | |a 978-960-9487-89-4 | ||
| 035 | |l 10119327 | ||
| 040 | |a GR-MY-UA |b gre |e aacr | ||
| 041 | 0 | |a gre | |
| 082 | 0 | |a 889.3 |2 (23) | |
| 100 | 1 | |a Κιτσοπούλου, Λένα, |d 1971- | |
| 245 | 1 | 0 | |a Νυχτερίδες : |b διηγήματα / |c Λένα Κιτσοπούλου |
| 260 | |a Αθήνα : |b Τεγόπουλος, |c c2011 | ||
| 300 | |a 141 σ.; |c 21 εκ. | ||
| 490 | 1 | |a Σύγχρονοι έλληνες λογοτέχνες | |
| 500 | |a Ειδική έκδοση για την Κυριακάτικη Ελευθεροτυπία | ||
| 500 | |a Πρώτη έκδοση: Κέδρος, 2006 | ||
| 650 | 0 | 0 | |a Short stories, Greek (Modern) |
| 852 | |a INST |b SYROS |e 20141001 |h 889.3 ΚΙΤ |p 005500012438 |q 005500012438 |t BK |y 0 | ||
| 901 | |a BIBL5-2014-3 | ||
| 909 | |a Ε |b 187127 | ||
| 970 | |a ΚΟΝΤΟΥ |b ΠΑΡΑΣΚΕΥΗ |z 2014/10/01 | ||